Faculty of Law Library — Cairo University

Official Online Catalog

Névroses Et Idées Fixes. (Record no. 75039)

MARC details
000 -LEADER
fixed length control field 01168nam a2200289 i 4500
003 - CONTROL NUMBER IDENTIFIER
control field EG-GICUC
005 - DATE AND TIME OF LATEST TRANSACTION
control field 20260502210513.0
008 - FIXED-LENGTH DATA ELEMENTS--GENERAL INFORMATION
fixed length control field 260502s1904 fr a|||f |||| 00| 0 fre d
040 ## - CATALOGING SOURCE
Original cataloging agency EG-GiCUC
Transcribing agency EG-GiCUC
Modifying agency EG-GiCUC
Description conventions Rda
082 04 - DEWEY DECIMAL CLASSIFICATION NUMBER
Edition number 21
Classification number 343.84
Item number JA . N
092 04 - LOCALLY ASSIGNED DEWEY CALL NUMBER (OCLC)
Edition number 21
099 ## - LOCAL FREE-TEXT CALL NUMBER (OCLC)
Classification number Law1 10 343.84 JA . N 2 ed - 1904 1011392 V1, C1
100 1# - MAIN ENTRY--PERSONAL NAME
Personal name Janet, Pierre
Relator term Auteur
245 12 - TITLE STATEMENT
Title Névroses Et Idées Fixes.
Number of part/section of a work Tome 1,
Name of part/section of a work Etudes Experimentales Ser Les Troubles De La Volonte, De L'atte Emotions, Les Idees Orsedantes.ntion De La Me Sur Les /
Statement of responsibility, etc. Par Le D Pierre Janet.
250 ## - EDITION STATEMENT
Edition statement Deuxieme Edition.
264 #1 - PRODUCTION, PUBLICATION, DISTRIBUTION, MANUFACTURE, AND COPYRIGHT NOTICE
Place of production, publication, distribution, manufacture Paris :
Name of producer, publisher, distributor, manufacturer Felix Alcan, Editeur,
Date of production, publication, distribution, manufacture, or copyright notice 1904.
300 ## - PHYSICAL DESCRIPTION
Extent 492 page :
Other physical details illustration ;
Dimensions 24 cm.
336 ## - CONTENT TYPE
Source rda contenu
Content type term texte
337 ## - MEDIA TYPE
Source rda medias
Media type term Ordinateur
338 ## - CARRIER TYPE
Source transporteur rda
Carrier type term Ressource en ligne
490 ## - SERIES STATEMENT
Series statement Travaux du Laboratoire de Psychologie de la elinique à la Salpêtrière ;
Volume/sequential designation Palmiese Serie
650 14 - SUBJECT ADDED ENTRY--TOPICAL TERM
Topical term or geographic name entry element Médecine des maladies mentales et psychiques
700 1# - ADDED ENTRY--PERSONAL NAME
Personal name Janet, Plerre
Relator term Co-Auteur
856 40 - ELECTRONIC LOCATION AND ACCESS
Uniform Resource Identifier <a href="https://fll.law.cu.edu.eg/fulltext/bks/B10-11392.pdf">https://fll.law.cu.edu.eg/fulltext/bks/B10-11392.pdf</a>
905 ## - Cataloger and Reviser Names
Cataloger Name: Mohamed Yosri
942 ## - ADDED ENTRY ELEMENTS (KOHA)
Source of classification or shelving scheme Dewey Decimal Classification
Koha item type Books
Edition 21
Suppress in OPAC No
Holdings
Withdrawn status Lost status Source of classification or shelving scheme Damaged status Not for loan Collection Home library Current library Date acquired Total checkouts Full call number Barcode Date last seen Copy number Price effective from Koha item type
    Dewey Decimal Classification   Not for loan القانون الجنائي جــــامعة القــاهرة مكتبة كلية الحقوق - المبنى الرئيسي 03.05.2026   Law1 10 343.84 JA . N 2 ed - 1904 1011392 V1, C1 B10-11392 02.05.2026 1 03.05.2026 Books

© All rights reserved — Faculty of Law, Cairo University